000
00329 a2200145 4500
001
152559
040
_c
Escola São Tomás de Aquino
100
_a
BRASILEIRO, Juca
240
1
0
_a
Descobrindo o Brasil
_l
por
245
1
0
_a
Descobrindo o Brasil
362
0
_a
2012
440
1
_a
Melhoramentos
697
_a
CIÊNCIAS
942
_c
BK
999
_c
152559
_d
152559